Countries Bruce Springsteen has Visited - Statistics

General Stats
  • This quiz has been taken 96 times
  • The average score is 27 of 33
Answer Stats
Continent Country % Correct
North America Canada
99%
Europe Germany
99%
Europe France
97%
Europe Spain
97%
Oceania Australia
96%
Africa South Africa
96%
Europe United Kingdom
96%
South America Argentina
95%
Europe Italy
95%
South America Brazil
93%
North America United States of America
93%
Europe Ireland
92%
North America Mexico
92%
Europe Sweden
89%
Asia Japan
87%
Europe Norway
87%
Europe Austria
85%
Europe Finland
85%
Europe Portugal
85%
Europe Belgium
84%
Oceania New Zealand
84%
South America Chile
81%
Europe Greece
81%
Europe Denmark
80%
Europe Poland
80%
Europe the Netherlands
76%
Europe Switzerland
73%
Europe Czech Republic
72%
Europe Hungary
65%
Asia India
63%
Africa Zimbabwe
48%
Africa Ivory Coast
27%
Europe Costa Rica
12%
No matching quizzes found
Score Distribution
Percent of People with Each Score
Percentile by Number Answered
Your Score History
You have not taken this quiz